000 00372pab a2200145 454500
008 180718b1987 xxu||||| |||| 00| 0 eng d
100 _aWren, Colin
245 _aThe relative effects of local authority financial assistance policies
260 _c1987
300 _a268-78
362 _aAug.
650 _aMunicipal Finance
773 _aUrban Studies
909 _a13853
999 _c13853
_d13853